000 00568nam a2200193 u 4500
005 20240228064259.0
008 170308s2005 r 000 0 eng d
020 _a8496509028
035 _aUPN01000216598
049 _aI
050 4 _aPZ78
_bL6.2
100 1 _aLosada, Patricia
_940266
245 1 0 _aCuento del campesino /
_ctexto e il. Patricia Losada.
260 _aBarcelona, Esp. :
_bLibros del Zorro Rojo,
_c2005.
300 _a[16] p.
650 4 _aLiteratura infantil española
_95892
650 4 _aLibros y lectura para niños
_92290
905 _aInfantil
999 _c188698
_d188698